| 000 | 00704nam a22002177a 4500 | ||
|---|---|---|---|
| 008 | 130224s2012 inu||||| |||| 001 0 eng d | ||
| 020 | _a9780789741134 | ||
| 020 | _a078974113x | ||
| 082 |
_a658.872 _bCAR _222 |
||
| 100 |
_aCarter, Brian _932687 |
||
| 245 |
_aFacebook marketing : _bleveraging Facebookâs features for your marketing campaigns / _cBrian Carter, Justin Levy. |
||
| 250 | _a3rd ed. | ||
| 260 |
_aIndianapolis : _bQue, _cc2012. |
||
| 300 |
_ax, 222 p. : _bill. (some col.) ; _c23 cm. |
||
| 500 | _aIncludes index. | ||
| 650 |
_aInternet marketing _932688 |
||
| 650 |
_aInternet advertising _932689 |
||
| 653 | _bBus | ||
| 700 |
_aLevy, Justin R. _932690 |
||
| 942 |
_2ddc _cBB _k658.872 CAR |
||
| 999 |
_c17314 _d17286 |
||